Gaming Quiz

Random Gaming or Board Games Quiz

Monopoly Board Slideshow Trip Quiz Stats

 Plays Quiz Updated Aug 27, 2014

Support Sporcle.
Go Orange.
Score 0/40 Timer 12:00
0 Plays Today
% Correct
Go
98.7%
Community Chest
86.3%
Chance
80%
Just Visiting / Jail
79.7%
Reading Railroad / King's Cross Station
76.5%
Community Chest
73.2%
Chance
72.9%
Go To Jail
72.8%
Baltic Avenue / Whitechapel Road
72.7%
Free Parking
72.1%
Electric Company
71.9%
Mediterranean Avenue / Old Kent Road
71.6%
Chance
71.3%
Community Chest
71%
Boardwalk / Mayfair
70.6%
Park Place / Park Lane
68.9%
Income Tax
68.8%
Water Works
68.1%
Luxury Tax / Super Tax
64.4%
B. & O. Railroad / Fenchurch St. Station
63.4%
% Correct
Oriental Avenue / The Angel Islington
62%
St. Charles Place / Pall Mall
60.8%
Illinois Avenue / Trafalgar Square
60.7%
Connecticut Avenue / Pentonville Road
60%
Pennsylvania Railroad / Marylebone Station
59.5%
Indiana Avenue / Fleet Street
59.3%
Marvin Gardens / Piccadilly
58.9%
Kentucky Avenue / The Strand
58.9%
New York Avenue / Vine Street
56%
Pennsylvania Avenue / Bond Street
55.7%
Short Line / Liverpool St. Station
55.6%
Vermont Avenue / Euston Road
55.2%
North Carolina Avenue / Oxford Street
53.5%
St. James Place / Bow Street
53.5%
Tennessee Avenue / Marlborough Street
51.4%
Virginia Avenue / Northumberland Avenue
49.7%
Atlantic Avenue / Leicester Square
48.4%
Ventnor Avenue / Coventry Street
47.9%
Pacific Avenue / Regent Street
46.9%
States Avenue / Whitehall
40.6%

You're not logged in!

Compare scores with friends on all Sporcle quizzes.
OR
Log In

From the Vault

Baby Names: 'R' Boy Names by Decade

by triplet_3

Not many boys are named after Robin, evidently.
Remove Ads.
Support Sporcle.
Get the best of Sporcle when you Go Orange. This ad-free experience offers more features, more stats, and more fun while also helping to support Sporcle. Thank you for becoming a member.

Show Comments

Extras

Top Quizzes Today


Score Distribution

Your Account Isn't Verified!

In order to create a playlist on Sporcle, you need to verify the email address you used during registration. Go to your Sporcle Settings to finish the process.

Report this User

Report this user for behavior that violates our Community Guidelines.

Details: